Catalogue of the hepaticae and anthocerotae of Colombia / (Registro nro. 18132)

Detalles MARC
000 -CABECERA
Campo de control 00859nam a22002417a 4500
005 - FECHA Y HORA DE LA ULTIMA TRANSACCION
Campo de control 20161212091323.0
008 - ELEMENTOS DE LONGITUD FIJA—INFORMACION GENERAL
Campo de control 160215t1998 gw b fr|||| 00| 0 eng d
020 ## - ISBN
ISBN 3443620256
040 ## - FUENTE DE CATALOGACIÓN
Agencia catalogadora original CO-BoIAVH
Agencia transcriptora CO-BoIAVH
041 0# - IDIOMA
Código de idioma para texto/pista de sonido o título separado Inglés
044 ## - PAÍS DE PUBLICACIÓN
País de publicación Alemania
082 04 - NUMERO DE CLASIFICACION DECIMAL DEWEY
Número de clasificación 580.12
Número del ítem U76c
100 1# - ASIENTO PRINCIPAL--NOMBRE PERSONAL
Nombre personal Uribe-Meléndez, Jaime.
9 (RLIN) 59787
245 10 - MENCION DE TITULO
Título Catalogue of the hepaticae and anthocerotae of Colombia /
Mención de responsabilidad por Jaime Uribe Meléndez y S. Rob Gradstein
260 ## - PUBLICACION, DISTRIBUCION, ETC. (PIE DE IMPRENTA)
Lugar de publicación, distribución, etc. Berlín (Alemania) :
Nombre del editor, distribuidor, etc. Gebrüder Borntraeger,
Fecha de publicación, distribución, etc. c1998.
300 ## - DESCRIPCION FISICA
Extensión 100 páginas :
Otros detalles físicos mapas ;
Dimensiones 22 x 14 cm.
490 ## - MENCION DE SERIE
Mención de serie Bryophytorum bibliotheca ;
Designación numérica/secuencial del volumen 53
650 #6 - ASIENTO SECUNDARIO DE MATERIA - TERMINO TEMATICO
Término temático o nombre geográfico como elemento de entrada Embryophyta
Subdivisión de forma Catálogos
Subdivisión geográfica Colombia
9 (RLIN) 59788
650 #6 - ASIENTO SECUNDARIO DE MATERIA - TERMINO TEMATICO
Término temático o nombre geográfico como elemento de entrada Anthocerotophyta
Subdivisión de forma Catálogos
Subdivisión geográfica Colombia
9 (RLIN) 59789
650 #6 - ASIENTO SECUNDARIO DE MATERIA - TERMINO TEMATICO
Término temático o nombre geográfico como elemento de entrada Marchantiophyta
Subdivisión de forma Catálogos
Subdivisión geográfica Colombia
9 (RLIN) 59790
700 1# - ASIENTO SECUNDARIO - NOMBRE PERSONAL
9 (RLIN) 13909
Nombre personal Gradstein, S. Robbert
942 ## - ELEMENTOS ADICIONALES (KOHA)
Sistema de clasificación Dewey Decimal Classification
Tipo de ítem Libro
Existencias
Withdrawn status Lost status Sistema de Clasificación Damaged status No para préstamo Colección Inventariado Ubicación Permanente Ubicación actual Fecha de adquisición Fuente de Valor Valor Total Checkouts Número topográfico Inventario / Código de Barras Date last seen Ejemplar Price effective from Forma de adquisición Tipo de material
    Dewey Decimal Classification     General Inventariado 2017 Bogotá Bogotá 15/02/2016 Instituto 39000.00   LB-580.12 U76c 039803 15/02/2016 Ej. 1 15/02/2016   Libro